50 plus grandes avenues de Paris - Statistiques

Statistiques générales
  • Ce quiz a été pris 69 fois
  • Le résultat moyen est 8 sur 50
Statistiques - réponses
Longueur (en mètres) Réponse % Correct
1910 Avenue Des Champs Elysees
90%
1300 Avenue Foch
60%
1500 Avenue De Wagram
37%
1135 Avenue Kleber
37%
1765 Avenue Victor Hugo
37%
1600 Avenue De La Republique
30%
910 Avenue Marceau
29%
6270 Avenue Daumesnil
27%
920 Avenue Des Ternes
27%
1180 Avenue Mozart
25%
1550 Avenue De Clichy
24%
1294 Avenue D'Italie
24%
1900 Avenue Jean Jaures
22%
2280 Avenue Gambetta
19%
2080 Avenue De Versailles
17%
815 Avenue Anatole France
16%
1235 Avenue Du General Leclerc
16%
1931 Avenue Du Maine
16%
1330 Avenue Emile Zola
16%
1485 Avenue De Flandre
14%
1110 Avenue De Saint-Mande
14%
1125 Avenue De Saint-Ouen
14%
1670 Avenue Parmentier
14%
990 Avenue Du President Kennedy
13%
970 Avenue Du President Wilson
13%
1135 Avenue Felix Faure
13%
1540 Avenue Ledru-Rollin
13%
840 Avenue De Breteuil
11%
1310 Avenue De Choisy
11%
1775 Avenue De Villiers
11%
880 Avenue Franklin D. Roosevelt
11%
970 Avenue Paul Doumer
11%
1220 Avenue De La Motte-Picquet
10%
1850 Avenue De Suffren
10%
1040 Avenue Philippe-Auguste
10%
950 Avenue Raymond Poincare
10%
1013 Avenue Rene Coty
10%
1140 Avenue D'Iena
8%
1155 Avenue Du General Michel Bizot
8%
820 Avenue Bosquet
6%
1270 Avenue De La Dame Blanche
6%
1230 Avenue De New York
6%
960 Avenue De La Bourdonnais
5%
815 Avenue De Segur
5%
1335 Avenue Simon Bolivar
5%
890 Avenue Reille
3%
2325 Avenue De Gravelle
2%
940 Avenue Paul Vaillant-Couturier
2%
1850 Avenue De La Belle Gabrielle
0%
815 Avenue Pierre Loti
0%
Aucun quiz correspondant
Distribution des résultats
% des personnes avec chaque résultat
Percentile par nombre de réponses
Votre historique - résultats
Vous n’avez pas pris ce quiz